000 00696nam a2200205Ia 4500
005 20260121110014.0
008 008 260114s9999 xx 000 0 hin d
020 _a9788132379409
037 _aEBOOK
040 _aCRL
_bhin
_cCRL
041 _ahin
_2hin
084 _qCRL
100 _aलोकप्रदीप रस्तोगी / Lokpradeep Rastogi
_9940892
245 0 _aपरजीवी जानवरों का अध्ययन / Parjeevi janwaron ka adhyayan
260 _bभाषा प्रकाशन / Bhasha Prakashan
_c2022
856 _uhttps://bhashaprakashan.com/product-details/381087
942 _cEBOOK
999 _c1532557
_d1532557